000 01385nam a2200361 i 4500
001 000030128
003 DO-SdBNP
005 20250904115725.0
007 ta
008 110429s2007 dr 000 0 spa d
040 _aDO-SdBNP
_bspa
_cBNPHU
_erda
041 _aspa
082 _axxxx
_bF727s
_222
111 1 _aForo presidencial por la excelencia de la educación
_d(2006 nov. :
_cSanto Domingo)
_956814
245 1 3 _aSituación y perspectivas del estudiante que ingresa por primera vez a la educación superior /
_cGabriel Read, Raul Parmenio Díaz, Miguel Ciprián, Gloria Madera, Bielka Castro Vargas y otro
264 _aSanto Domingo :
_bSEESCYT,
_bEditora Manatí,
_c2007.
300 _a55 páginas ;
_c23 cm.
336 _atexto
_btxt
_2rdacontent
337 _asin mediación
_bn
_2rdamedia
338 _avolumen
_bnc
_2rdacarrier
490 1 _aMesas de trabajo de la SEESCyT
504 _aBibliografías p: 55
590 _aInventariado, 2025/ YL
700 1 _aRead, Gabriel
_956827
700 1 _aParmenio Díaz, Raul
_956828
700 1 _aCiprián, Miguel
_956829
_ecoordinador
_4co.
700 1 _aMadera, Gloria
_956830
700 1 _aCastro Vargas, Bielka
_988580
700 1 _aRuiz Matuk, Carlos
_988581
710 1 _aRepública Dominicana.
_bSecretaría de Estado de Educación Superior, Ciencia y Tecnología
_918778
910 _aYlockward
942 _2ddc
_cLBS1
999 _c29620
_d29620